000
00250nam a2200097Ia 4500
001
655180
005
20250826154532.0
008
250824s9999 xx 000 0 und d
245
0
_a
Ben Büyüyünce Gökkuş Diz
_c
Gülten Dayıoğlu
260
_b
ALTIN
999
_c
655180
_d
655180